000
00345nam a2200157Ia 4500
003
OSt
005
20240127104905.0
008
170524s9999 xx 000 0 und d
020
_a
9353067030
040
_c
IIMT
100
_a
ROBBINS- SP.
245
0
_a
Organizational Behavior
260
_b
New Delhi : PHI
260
_c
2008
942
_2
ddc
_c
02
999
_c
6306
_d
6306